00369nam a2200121Ia 4500008004100000041000800041100001400049245002400063260002400087650001500111999001900126952010200145231219s9999 xx 000 0 und d aeng aBlair G.R aWhat Are Your Goals bWharton Pub Delmar  aManagement c976707d976707 00104070aMCMbMCMd2023-12-21g565.00l0pMCM-56BB0002506r2023-12-21 00:00:00w2023-12-21yBK